MARC details
| 000 -CABECERA |
| campo de control de longitud fija |
01882cam a22002658i 4500 |
| 001 - NÚMERO DE CONTROL |
| campo de control |
23167873 |
| 005 - FECHA Y HORA DE LA ÚLTIMA TRANSACCIÓN |
| campo de control |
20250327160707.0 |
| 008 - DATOS DE LONGITUD FIJA--INFORMACIÓN GENERAL |
| campo de control de longitud fija |
230602s2024 enk b 001 0 eng |
| 010 ## - NÚMERO DE CONTROL DE LA BIBLIOTECA DEL CONGRESO |
| Número de control de LC |
2023025715 |
| 020 ## - NÚMERO INTERNACIONAL ESTÁNDAR DEL LIBRO |
| Número Internacional Estándar del Libro |
9781009256605 |
| Información calificativa |
(hardback) |
| 040 ## - FUENTE DE LA CATALOGACIÓN |
| Centro catalogador/agencia de origen |
DLC |
| Lengua de catalogación |
eng |
| Normas de descripción |
rda |
| Centro/agencia transcriptor |
DLC |
| Centro/agencia modificador |
DLC |
| 042 ## - CÃDIGO DE AUTENTICACIÃN |
| Código de autenticación |
pcc |
| 050 00 - SIGNATURA TOPOGRÁFICA DE LA BIBLIOTECA DEL CONGRESO |
| Número de clasificación |
BJ1499.S65 |
| Número de documento/Ítem |
W45 2024 |
| 100 ## - ENTRADA PRINCIPAL--NOMBRE DE PERSONA |
| Nombre de persona |
Weinstein, Netta, |
| Término indicativo de función/relación |
author. |
| 9 (RLIN) |
24838 |
| 245 10 - MENCIÓN DE TÍTULO |
| Título |
Solitude |
| Resto del título |
: the science and power of being alone |
| Mención de responsabilidad, etc. |
/ Netta Weinstein, Heather Hansen, Thuy-vy T. Nguyen. |
| 264 #1 - PRODUCCIÓN, PUBLICACIÓN, DISTRIBUCIÓN, FABRICACIÓN Y COPYRIGHT |
| Producción, publicación, distribución, fabricación y copyright |
Cambridge, United Kingdom ; |
| -- |
New York, NY, USA : |
| Nombre del de productor, editor, distribuidor, fabricante |
Cambridge University Press, |
| Fecha de producción, publicación, distribución, fabricación o copyright |
2024. |
| 300 ## - DESCRIPCIÓN FÍSICA |
| Extensión |
viii, 284 pages ; 24 cm |
| 504 ## - NOTA DE BIBLIOGRAFÍA, ETC. |
| Nota de bibliografía, etc. |
Includes bibliographical references and index. |
| 505 ## - NOTA DE CONTENIDO CON FORMATO |
| Nota de contenido con formato |
Solitude is not just for hermits, poets, and billionaires — Everyday solitude for everyday people — What makes solitude great? — Mapping the benefits of solitude — What's choice got to do with it? — Balancing solitude with social time — Super/Natural solitude — Finding your happy place in solitude — Can we get better at being alone? — Solitude across a lifetime |
| 520 ## - SUMARIO, ETC. |
| Sumario, etc. |
The average adult spends almost a third of their waking life alone—so how can we embrace solitude rather than shy away from it? Whether we enjoy our own company or try to avoid being alone, we can learn to make better use of that time. Research shows that solitude isn’t just about isolation; it can be a valuable space for rest, reflection, and personal growth. This book translates key findings into practical insights, showing how alone time can boost well-being, creativity, problem-solving, and emotional balance. By understanding how to make the most of solitude, we can use it to become our best selves. |
| 650 #0 - PUNTO DE ACCESO ADICIONAL DE MATERIA--TÉRMINO DE MATERIA |
| Término de materia o nombre geográfico como elemento de entrada |
Solitude |
| 9 (RLIN) |
22898 |
| 700 ## - ENTRADA AGREGADA--NOMBRE PERSONAL |
| Nombre de persona |
Hansen, Heather, |
| Término indicativo de función/relación |
author. |
| 9 (RLIN) |
24839 |
| 700 ## - ENTRADA AGREGADA--NOMBRE PERSONAL |
| Nombre de persona |
Nguyen, Thuy-vy T., |
| Fechas asociadas al nombre |
1986- |
| Término indicativo de función/relación |
author. |
| 942 ## - ELEMENTOS DE ENTRADA AGREGADA (KOHA) |
| Fuente del sistema de clasificación o colocación |
Clasificación de Library of Congress |